00614nam a2200169 i 450000100060000000300090000600500170001500700030003200800410003510000320007624501090010826000430021730000260026085200210028699900170030795201200032430771ES-MaACL20230906154242.0t|030127s1934 fr ||||1| fre d1 aBellessort, André.92720010aAthénes et son theatre b: cours professé a la Societé des Conférénces / cAndré Bellessort. aParis : bPerrin, c1934 (fE. Grevin) aXI, 344 p. ; c19 cm. aES-MaACLjA-2714 c30771d30771 00104070aATENEOMbATENEOMcSPP1d2008-01-17eSCl0oA-2714p1031784r2023-02-23 00:00:00w2023-02-23yMONOGRAFIA